000 00429nam a22001577a 4500
003 IT-RoPau
005 20220918181107.0
008 130528b xxu||||| |||| 00| 0 eng d
040 _cIT-RoPau
245 _aSabbato infra Octavam Ascensionis in Festo B.V.M. Reginae Apostolorum
_bAd usum privatum
250 _a1° ed
260 _aRoma
_bSSP
_c1955
300 _a14 pp.
_c18 cm
490 _aEdizioni Paoline
942 _2ddc
_cBK
999 _c98633
_d98633